1407 1025 1598 1532 1021 1820 1344 1599 1658 1650 1242 1725 1086 1010 1385 1714 1976 1023 1711 1907 1993 1301 1277 1154 1041 1112 1799 1519 1826 1861 1732 1002 1314 1280 1581 1759 1915 1910 1959 1127 1869 1283 1077 1552 1332 1114 1988 1772 1142 1327 1240 1297 1144 1347 1272 1104 1716 1809 1190 1697 1774 1587 1929 1063 1412 1795 1477 1808 1298 1726 1629 1712 1217 1137 1881 1929 1646 1416 1875 1645 1872 1939 1531 1970 1900 1400 1525 1873 1632 1148 1845 1166 1593 1064 1062 1754 1148 1282 1438 BCNSPRNW ULIB Ver.6.0+V

เปลี่ยนเป็นภาษาไทย

Change to English
 แสดงรายละเอียดบรรณานุกรม
  กลับหน้าหลัก

Brief Record : Get Marc (ISO 2709) : E-mail record : QR code < ปิดหน้าต่าง
LEADER : 00000nam 2200000uu 4500
001    13399128376
003     ULIB
008    230707s2559||||th 000 0 tha d
020    ^a9786164135444
060 04 ^aWY150^bก451
245 00 ^aการดูแลแผลหลักฐานเชิงประจักษ์ และประสบการณ์จากผู้เชี่ยวชาญ =^bWound care for nursing : evidence base to practice /^cบรรณาธิการ จุฬาพร ประสังสิต, กาญจนา รุ่งแสงจันทร์, ยุวรัตน์ ม่วงเงิน
246 31 ^aWound care for nursing : evidence base to practice
250    ^aพิมพ์ครั้งที่ 1
260    ^aกรุงเทพฯ : ^bพี.เอ.ลีฟวิ่ง,^c2559
300    ^aIX, 346 หน้า :^bภาพประกอบ
504    ^aบรรณานุกรมท้ายเรื่อง
504    ^aดัชนีท้ายเล่ม
590    ^aGift-T-62
650  7 ^aบาดแผลและบาดเจ็บ^xการพยาบาล
650  7 ^aผู้ป่วย^xบาดแผลและบาดเจ็บ
700 0  ^aจุฬาพร ประสังสิต,^eบรรณาธิการ
700 0  ^aกาญจนา รุ่งแสงจันทร์,^eบรรณาธิการ
700 0  ^aยุวรัตน์ ม่วงเงิน,^eบรรณาธิการ
945    ^p550^l0^i009862
945    ^p550^l0^i009863
945    ^p550^l0^i009864
999    ^aประนอม เกษจรัล
รายการนี้ยังไม่มีแท็ก
คุณยังไม่ได้ล็อกอิน คุณสามารถมีกิจกรรมร่วมกับเว็บไซต์ได้ แต่ต้องล็อกอินก่อน ::
  ล็อกอิน

รายการสื่อสารสนเทศ

ลำดับที่ ประเภท เลขเรียก/บาร์โค้ด สถานที่ สถานะ
1. Book การพยาบาล
Book การพยาบาล
สถานะ=หนังสือเก่า
WY150 ก451 ฉ.1 
  Barcode: 009862
ห้องสมุดวิทยาเขตสวรรค์ประชารักษ์
►ส่วนจัดเก็บหนังสือเก่า สปร
บนชั้น
  ขอยืม
2. Book การพยาบาล
Book การพยาบาล
สถานะ=หนังสือเก่า
WY150 ก451 ฉ.2 
  Barcode: 009863
ห้องสมุดวิทยาเขตสวรรค์ประชารักษ์
►ส่วนจัดเก็บหนังสือเก่า สปร
บนชั้น
  ขอยืม
3. Book การพยาบาล
Book การพยาบาล
สถานะ=หนังสือเก่า
WY150 ก451 ฉ.3 
  Barcode: 009864
ห้องสมุดวิทยาเขตสวรรค์ประชารักษ์
►ส่วนจัดเก็บหนังสือเก่า สปร
บนชั้น
  ขอยืม

BibComment


ยังไม่เคยถูกคอมเมนท์

คอมเมนท์ทรัพยากรรายการนี้
  คอมเมนท์: การดูแลแผลหลักฐา..


 Copyright 2026. Bcnsprnw @Library